UBT Library

And the fans roared : (Record no. 40167)

000 -LEADER
fixed length control field 00925cam a22002414a 4500
001 - CONTROL NUMBER
control field 12072577
005 - DATE AND TIME OF LATEST TRANSACTION
control field 20180112040313.0
008 - FIXED-LENGTH DATA ELEMENTS--GENERAL INFORMATION
fixed length control field 000623s2000 ilua 000 0 eng
010 ## - LIBRARY OF CONGRESS CONTROL NUMBER
LC control number 00057367
020 ## - INTERNATIONAL STANDARD BOOK NUMBER
International Standard Book Number 1570715823
040 ## - CATALOGING SOURCE
Original cataloging agency DLC
Transcribing agency DLC
Modifying agency DLC
041 ## - LANGUAGE CODE
Language code of text/sound track or separate title eng
042 ## - AUTHENTICATION CODE
Authentication code pcc
043 ## - GEOGRAPHIC AREA CODE
Geographic area code n-us---
080 ## - UNIVERSAL DECIMAL CLASSIFICATION NUMBER
Universal Decimal Classification number 070.4497960973 JOE
082 00 - DEWEY DECIMAL CLASSIFICATION NUMBER
Classification number 070.4497960973 JOE
Edition number 21
100 1# - Rafti
Rafti 39
101 ## - Shkurtesa
Shkurtesa MED
245 10 - TITLE STATEMENT
Title And the fans roared :
Statement of responsibility, etc Joe Garner ; Bob Costas, narration ; George Foreman, foreword.
906 ## - LOCAL DATA ELEMENT F, LDF (RLIN)
a 7
b cbc
c orignew
d 1
e ocip
f 19
g y-gencatlg
942 ## - ADDED ENTRY ELEMENTS (KOHA)
Source of classification or shelving scheme
Item type Books

No items available.

UBT Library © 2015-2024. All rights reserved University Education for Business and Technology